OPAC Home

Marine Turtle Conservation Strategy and Action Plan for Sri Lanka (Record no. 16659)

MARC details
000 -LEADER
fixed length control field 00417nam a2200145Ia 4500
008 - FIXED-LENGTH DATA ELEMENTS--GENERAL INFORMATION
fixed length control field 180921t2005 xxu||||| |||| 00| 0 eng d
041 ## - LANGUAGE CODE
Language code of text/sound track or separate title English
080 ## - UNIVERSAL DECIMAL CLASSIFICATION NUMBER
Universal Decimal Classification number 598.133(RC
Item number MAR
942 ## - ADDED ENTRY ELEMENTS (KOHA)
Koha item type Books
003 - CONTROL NUMBER IDENTIFIER
control field LK-CoDNM
040 ## - CATALOGING SOURCE
Original cataloging agency LK-CoDNM
Modifying agency LK-CoDNM
Description conventions LK-CoDNM
245 ## - TITLE STATEMENT
Title Marine Turtle Conservation Strategy and Action Plan for Sri Lanka
260 ## - PUBLICATION, DISTRIBUTION, ETC. (IMPRINT)
Name of publisher, distributor, etc. Department of Wildlife Conservation
Date of publication, distribution, etc. 2005
300 ## - PHYSICAL DESCRIPTION
Extent vii,79p., 32 cm
Holdings
Withdrawn status Lost status Damaged status Not for loan Collection code Permanent Location Current Location Date acquired Full call number Barcode Koha item type
        Science Library National Museum Colombo - Sri Lanka Library National Museum Colombo - Sri Lanka 2023-06-11 598.133(RC)MAR P31749 Books
Copyright © 2023 Department of National Museum, Colombo 07, Sri Lanka Funded by UNESCO IFAP UNESCO